| 000 | 00704nam a22001337a 4500 | ||
|---|---|---|---|
| 040 | _cRUA | ||
| 082 | _aAGR KEU 2021 B1-570 Or. | ||
| 100 | _aKEU BARANG គឺ បារាំង | ||
| 245 | _aEVALUATION OF NEAR ISOGENIC LINE OF BACTERIAL LEAF BLISHT FOR RESISTANT GENE វាយតម្លៃស្រឡាយស្រូវបួនប្រភេទដែលធន់ទ្រាំទៅនឹងបាក់តេរីស្រពោនស្លឹកដែលបង្កដោយ Xanthomonas oryzae pv. Oryzae | ||
| 260 |
_aPHNOM PENH _bRUA _c2021 |
||
| 300 |
_aX. 26P _bVIII. _c29CM |
||
| 856 | _uhttps://drive.google.com/file/d/1Mkdbxdu369VVH_9h2OewEPDdhc2vy3LY/view?usp=sharing | ||
| 942 | _cAGR | ||
| 999 |
_c22734 _d22734 |
||